|
|
|
|
| LEADER |
01256nam a2200337 a 4500 |
| 001 |
EBC594363 |
| 003 |
MiAaPQ |
| 005 |
20200520144314.0 |
| 006 |
m o d | |
| 007 |
cr cn||||||||| |
| 008 |
110824s2008 gw a sb 000 0 eng d |
| 020 |
|
|
|z 9783836664776
|
| 020 |
|
|
|a 9783836614771 (electronic bk.)
|
| 035 |
|
|
|a (MiAaPQ)EBC594363
|
| 035 |
|
|
|a (Au-PeEL)EBL594363
|
| 035 |
|
|
|a (CaPaEBR)ebr10487447
|
| 035 |
|
|
|a (OCoLC)679417029
|
| 040 |
|
|
|a MiAaPQ
|c MiAaPQ
|d MiAaPQ
|
| 043 |
|
|
|a e-gx---
|
| 050 |
|
4 |
|a HF5415.12.G3
|b S54 2008
|
| 100 |
1 |
|
|a Siegemund, Carsten.
|
| 245 |
1 |
0 |
|a Blue Ocean Strategy for small and mid-sized companies in Germany
|h [electronic resource] :
|b development of a consulting approach /
|c Carsten Siegemund.
|
| 260 |
|
|
|a Hamburg :
|b Diplom.de,
|c 2008.
|
| 300 |
|
|
|a 85 p. :
|b ill.
|
| 500 |
|
|
|a Title from cover.
|
| 504 |
|
|
|a Includes bibliographical references.
|
| 533 |
|
|
|a Electronic reproduction. Ann Arbor, MI : ProQuest, 2015. Available via World Wide Web. Access may be limited to ProQuest affiliated libraries.
|
| 650 |
|
0 |
|a Marketing
|z Germany.
|
| 655 |
|
4 |
|a Electronic books.
|
| 710 |
2 |
|
|a ProQuest (Firm)
|
| 856 |
4 |
0 |
|u https://ebookcentral.proquest.com/lib/matrademy/detail.action?docID=594363
|z Click to View
|